Pakistan Territories - Statistics

General Stats
  • This quiz has been taken 7 times
  • The average score is 3 of 6
Answer Stats
Picture Answer % Correct
Balochistan
100%
Sindh
100%
Punjab
83%
Azad Jammu Kashmir
17%
Gilgit Baltistan
17%
KPK(khyber paktunkwha)
0%
No matching quizzes found
Score Distribution
Percent of People with Each Score
Percentile by Number Answered
Your Score History
You have not taken this quiz